[Event "Plzen Calliditas op"]
[Site "Plzen"]
[Date "2023.08.26"]
[Round "9"]
[White "Hodl, Vojtech"]
[Black "Zoufaly, Petr"]
[Result "1-0"]
[WhiteElo "1352"]
[BlackElo "1603"]
[PlyCount "81"]
[EventDate "2023.08.19"]
[EventType "swiss"]
[EventRounds "9"]
[EventCountry "CZE"]
[SourceTitle "EXT 2024"]
[Source "ChessBase"]
[SourceDate "2023.10.10"]
[SourceVersion "1"]
[SourceVersionDate "2023.10.10"]
[SourceQuality "1"]

1. e4 e5 2. Nc3 Nc6 3. Bc4 Nf6 4. d3 Be7 5. f4 d6 6. Nf3 h6 7. f5 Na5 8. Qe2 Nxc4 9. dxc4 c5 10. b3 Bd7 11. Bb2 a6 12. 0-0-0 Qc7 13. Nd2 0-0-0 14. Nf1 Bc6 15. h3 Kb8 16. Qf3 Ka7 17. Ne3 Rhg8 18. Ned5 Bxd5 19. Nxd5 Nxd5 20. Rxd5 f6 21. Qh5 Qc6 22. a4 Qe8 23. Qh4 h5 24. Rhd1 g5 25. Qe1 h4 26. a5 Qc6 27. Ba3 Rd7 28. Bxc5+ Ka8 29. Ba3 Rgd8 30. Qd2 Qc7 31. c5 Qc6 32. cxd6 Bf8 33. Bc5 Bh6 34. Bb6 Rh8 35. Qb4 Qc8 36. Rc5 Qe8 37. Rc7 g4+ 38. Kb2 gxh3 39. gxh3 Qf7 40. Bf2 Rxc7 41. Qb6 1-0

[Event "Plzen op"]
[Site "Plzen"]
[Date "2021.08.28"]
[Round "8"]
[White "Hodl, Vojtech"]
[Black "Burda, Otto"]
[Result "1/2-1/2"]
[WhiteElo "1370"]
[BlackElo "1797"]
[PlyCount "51"]
[EventDate "2021.08.23"]
[EventType "swiss"]
[EventRounds "9"]
[EventCountry "CZE"]
[SourceTitle "CBM 204 Extra"]
[Source "ChessBase"]
[SourceDate "2021.11.30"]
[SourceVersion "1"]
[SourceVersionDate "2021.11.30"]
[SourceQuality "1"]

1. c4 e5 2. Nc3 Nf6 3. g3 d5 4. e3 Nc6 5. cxd5 Nxd5 6. Bg2 Nb6 7. Nge2 Be6 8. 0-0 Be7 9. d4 exd4 10. exd4 Nb4 11. Bxb7 Rb8 12. Bg2 0-0 13. Re1 Bc4 14. Nf4 Bf6 15. d5 g6 16. a3 Bxc3 17. bxc3 N4xd5 18. Qd4 Nxf4 19. Bxf4 Qxd4 20. cxd4 Rbd8 21. Rad1 Nd5 22. Bxd5 Bxd5 23. Bxc7 Rd7 24. Ba5 Rc8 25. Re3 f6 26. h4 1/2-1/2

[Event "Plzen op"]
[Site "Plzen"]
[Date "2021.08.27"]
[Round "7"]
[White "Kratky, Josef"]
[Black "Hodl, Vojtech"]
[Result "1-0"]
[WhiteElo "2058"]
[BlackElo "1370"]
[PlyCount "53"]
[EventDate "2021.08.23"]
[EventType "swiss"]
[EventRounds "9"]
[EventCountry "CZE"]
[SourceTitle "CBM 204 Extra"]
[Source "ChessBase"]
[SourceDate "2021.11.30"]
[SourceVersion "1"]
[SourceVersionDate "2021.11.30"]
[SourceQuality "1"]

1. e4 e6 2. Nf3 d5 3. e5 Ne7 4. d4 Nf5 5. Bd3 c5 6. c3 Nc6 7. dxc5 Bxc5 8. b4 Be7 9. b5 Na5 10. Nd4 Nxd4 11. cxd4 Qb6 12. Be3 Nc4 13. Qb3 Nxe3 14. fxe3 0-0 15. 0-0 Bd7 16. Nc3 Bg5 17. Rf3 g6 18. Na4 Qa5 19. Nc5 Bc8 20. Qc2 Qc7 21. Qf2 Qe7 22. Rf1 b6 23. Nb3 Bb7 24. g3 a6 25. h4 Bxh4 26. gxh4 axb5 27. Rf6 1-0

[Event "Plzen op"]
[Site "Plzen"]
[Date "2021.08.24"]
[Round "3"]
[White "Macho, Miloslav"]
[Black "Hodl, Vojtech"]
[Result "1-0"]
[WhiteElo "1645"]
[BlackElo "1370"]
[PlyCount "63"]
[EventDate "2021.08.23"]
[EventType "swiss"]
[EventRounds "9"]
[EventCountry "CZE"]
[SourceTitle "CBM 204 Extra"]
[Source "ChessBase"]
[SourceDate "2021.11.30"]
[SourceVersion "1"]
[SourceVersionDate "2021.11.30"]
[SourceQuality "1"]

1. Nf3 d5 2. e3 Nc6 3. d4 f6 4. h3 e5 5. Bb5 e4 6. Nfd2 Bd6 7. Qh5+ g6 8. Qxd5 Nge7 9. Bxc6+ bxc6 10. Qc4 f5 11. Nb3 Nd5 12. Qxc6+ Bd7 13. Qxd5 Rb8 14. Na3 Qe7 15. Nc5 Bb5 16. Nxb5 Bxc5 17. Qxc5 Qxc5 18. dxc5 Rxb5 19. b3 0-0 20. c4 Rbb8 21. Bb2 Rbd8 22. Rd1 Rxd1+ 23. Kxd1 Rd8+ 24. Ke2 c6 25. Rd1 Rxd1 26. Kxd1 Kf8 27. b4 a6 28. a4 Ke7 29. b5 axb5 30. axb5 cxb5 31. cxb5 Kd7 32. Be5 1-0

[Event "Plzen Calliditas op"]
[Site "Plzen"]
[Date "2020.08.27"]
[Round "6"]
[White "Klabenes, Petr"]
[Black "Hodl, Vojtech"]
[Result "1-0"]
[WhiteElo "1660"]
[BlackElo "1079"]
[PlyCount "65"]
[EventDate "2020.08.23"]
[EventType "swiss"]
[EventRounds "9"]
[EventCountry "CZE"]
[SourceTitle "CBM 198 Extra"]
[Source "ChessBase"]
[SourceDate "2020.11.30"]
[SourceVersion "1"]
[SourceVersionDate "2020.11.30"]
[SourceQuality "1"]

1. e4 e6 2. f4 d5 3. e5 c5 4. b4 Nc6 5. bxc5 Bxc5 6. c3 d4 7. Nf3 f6 8. Ba3 Bb6 9. Bd6 Nh6 10. Nxd4 Nxd4 11. cxd4 Bxd4 12. Qa4+ b5 13. Bxb5+ Kf7 14. Qxd4 Nf5 15. Qe4 Nxd6 16. exd6 Rb8 17. Qd3 Bb7 18. 0-0 f5 19. Bc4 Qb6+ 20. Kh1 Be4 21. Qe3 Qxd6 22. d3 Bc6 23. Nc3 Rb7 24. Rfe1 Re8 25. d4 Rb4 26. Qd3 Qxf4 27. Rf1 Bxg2+ 28. Kxg2 Qg4+ 29. Kh1 f4 30. Rxf4+ Qxf4 31. Rf1 Qxf1+ 32. Qxf1+ Kg8 33. Ne4 1-0